00649nam a2200193Ia 4500008004100000020001400041082001600055100001900071245004400090250000700134260003900141300002800180500001900208600002100227650005000248942000700298952013500305999001500440240925s9999 xx 000 0 und d a675208459 a005.133 HOU aHouston, Jerry 0aLooking in to C: a c language text book aNA aLondon:bMerill Publishingc,1989. axiv,320p.bNAfOriginal aIncludes Index aComputer Science aComputer science, information & general works cBK 001040708CSaUITUbUITUd1995-02-09eParamount Book Pvt Ltdg512.53l0o005.133 HOUpQ0124r2024-09-25 07:11:57w2024-09-25yBK c2623d2623